Statistics for COUNTRIES ON EQUATOR

Click here to take the quiz!

General Stats

  • This quiz has been taken 9 times
  • The average score is 9 of 13

Answer Stats

HintAnswer% Correct
LandBrazil
100%
LandEcuador
100%
LandColumbia
89%
LandD.R Congo
89%
LandIndonesia
89%
LandGabon
67%
LandKenya
67%
LandSomalia
67%
IslandKiribati
56%
LandUganda
56%
IslandMaldives
44%
IslandSao tome and principe
33%
LandRepublic of Congo
11%

Score Distribution

Percentile by Number Answered

Percent of People with Each Score

Your Score History

You have not taken this quiz